000 00962nas a2200301 4500
001 BR2011002927
003 BR-BrBNA
005 20231205114959.0
007 ta
008 230509b bl.|||p| |||| 00| 00por d
040 _aBR-BrBNA
_bpor
_cBiblioteca Nacional de Agricultura
041 _a(Pt)
072 _aL20; N10
100 1 _aMenegali, I.
100 1 _aBaeta, F. da C.
100 1 _aTinoco, I. de F.F.
100 1 _aCordeiro, M.B.
100 1 _aGuimarães, M.C. de C.
245 1 _aDesempenho produtivo de frangos de corte em diferentes sistemas de instalações semiclimatizadas no sul do Brasil
650 _aFRANGO DE CORTE
650 _aINSTALAÇÃO AGRÍCOLA
650 _aPERFORMANCE
650 _aCONTROLE TÉRMICO
650 _aVENTILAÇÃO
773 0 _tEngenharia na Agricultura (Brazil)
_xISSN 1414-3984
_g(Nov-Dec 2010), v. 18(6) p. 461-471
_wBR2011002927
909 _a202311
_bLúcia
_c55
_dLúcia Elande
942 _2AGRIS
_n0
_cANA
999 _c211529
_d211529